La investigación científica : su estrategia y su filosofía / (Record no. 233106)
[ view plain ]
| 000 -CABECERA | |
|---|---|
| campo de control de longitud fija | 02282nam a2200301 a 4500 |
| 003 - IDENTIFICADOR DEL NÚMERO DE CONTROL | |
| campo de control | CHAP |
| 005 - FECHA Y HORA DE LA ÚLTIMA TRANSACCIÓN | |
| campo de control | 20260319115444.0 |
| 008 - DATOS DE LONGITUD FIJA--INFORMACIÓN GENERAL | |
| campo de control de longitud fija | 251110s2000 mx dk r 000 0 spa d |
| 020 ## - NÚMERO INTERNACIONAL ESTÁNDAR DEL LIBRO | |
| Número Internacional Estándar del Libro | 968-23-2225-1 |
| 040 ## - FUENTE DE LA CATALOGACIÓN | |
| Centro/agencia transcriptor | CHAP |
| Centro catalogador/agencia de origen | PA |
| Normas de descripción | rda |
| 041 ## - CÓDIGO DE LENGUA | |
| Código de lengua del texto/banda sonora o título independiente | spa |
| Código de lengua del sumario o resumen | spa |
| Código de lengua de la tabla de contenido | spa |
| Código de lengua original | spa |
| 082 ## - NÚMERO DE LA CLASIFICACIÓN DECIMAL DEWEY | |
| Número de clasificación | PA 500.18 |
| Número de documento/Ítem | .B86 2000 |
| 100 ## - ENTRADA PRINCIPAL--NOMBRE DE PERSONA | |
| Nombre de persona | Bunge, Mario |
| 9 (RLIN) | 140458 |
| 245 ## - MENCIÓN DE TÍTULO | |
| Título | La investigación científica : su estrategia y su filosofía / |
| Mención de responsabilidad, etc. | Mario Bunge ; traducción Manuel Sacristán |
| 250 ## - MENCIÓN DE EDICIÓN | |
| Mención de edición | 2a. ed. corregida |
| 264 ## - PRODUCCIÓN, PUBLICACIÓN, DISTRIBUCIÓN, FABRICACIÓN Y COPYRIGHT | |
| Producción, publicación, distribución, fabricación y copyright | México : |
| Nombre del de productor, editor, distribuidor, fabricante | Siglo XXI, |
| Fecha de producción, publicación, distribución, fabricación o copyright | 2000 |
| 300 ## - DESCRIPCIÓN FÍSICA | |
| Extensión | xvi, 805 p. |
| 336 ## - TIPO DE CONTENIDO | |
| Fuente | rdacontent |
| Término de tipo de contenido | texto |
| Código de tipo de contenido | txt |
| 337 ## - TIPO DE MEDIO | |
| Fuente | rdamedia |
| Nombre/término del tipo de medio | sin medio |
| Código del tipo de medio | n |
| 338 ## - TIPO DE SOPORTE | |
| Fuente | rdacarrier |
| Nombre/término del tipo de soporte | volumen |
| Código del tipo de soporte | nc |
| 504 ## - NOTA DE BIBLIOGRAFÍA, ETC. | |
| Nota de bibliografía, etc. | Incluye bibliografías |
| 505 ## - NOTA DE CONTENIDO CON FORMATO | |
| Nota de contenido con formato | PRÓLOGO A LA PRESENTE EDICIÓN.-- UN CUENTO PARA EMPEZAR.-- CÓMO USAR ESTE LIBRO.-- PARTE I. ENFOQUE Y HERRAMIENTAS.-- PARTE I. ENFOQUE Y HERRAMIENTAS.-- 1 . EL ENFOQUE CIENTÍFICO.-- 2 . CONCEPTO.-- 3 . DILUCIDACIÓN.-- PARTE II. LAS IDEAS CIENTÍFICAS.-- 4 . PROBLEMA.-- 5. HIPÓTESIS.-- 6. LEY .-- 7. TEORÍA: ESTÁTICA.-- 8. TEORÍA: DINÁMICA.-- PARTE III. LA APLICACIÓN DE LAS IDEAS CIENTÍFICAS: DE LA EXPLICACIÓN A LA ACCIÓN.-- 9. EXPLICACIÓN.-- 10. PREDICCIÓN.-- 11. ACCIÓN.-- PARTE IV. LA CONTRASTACIÓN DE LAS IDEAS CIENTÍFICAS: DE LA OBSERVACIÓN A LA INFERENCIA.-- 12. OBSERVACIÓN.-- 13. MEDICIÓN.-- 14. EXPERIMENTO.-- 1 5. LA ÌNFERENCIA CIENTÍFICA.-- EPÍLOGO. FINES Y MEDIOS DE LA FILOSOFÍA DE LA CIENCIA.-- Bibliografía.-- SÍMBOLOS ESPECIALES.--ÍNDICE ONOMÁSTICO.-- ÍNDICE ANALÍTICO.<br/><br/> |
| 520 ## - SUMARIO, ETC. | |
| Sumario, etc. | Partiendo de la idea de que hacer ciencia no es obrar a ciegas sino un proceso intelectual y creador asistido por medios materiales, Bunge ofrece un tratado sistemático de epistemología, que recorre el sendero íntegro de la investigación científica y examina cada etapa del ciclo de la investigación: la hipótesis de trabajo, la hipótesis corroborada o ley, el sistema hipotético-deductivo o teoría, la explicación y la predicción por medio de teorías, la acción fundada sobre la teoría y la evaluación de las ideas a la luz de los hechos. |
| 534 ## - NOTA SOBRE LA VERSIÓN ORIGINAL | |
| Frase introductoria | Título original: |
| 650 #7 - PUNTO DE ACCESO ADICIONAL DE MATERIA--TÉRMINO DE MATERIA | |
| Término de materia o nombre geográfico como elemento de entrada | Ciencia |
| Subdivisión general | Metodología |
| 9 (RLIN) | 23129 |
| 700 ## - PUNTO DE ACCESO ADICIONAL--NOMBRE DE PERSONA | |
| Nombre de persona | Sacristán, Manuel, tr. |
| 9 (RLIN) | 154990 |
| 942 ## - ELEMENTOS DE PUNTO DE ACCESO ADICIONAL (KOHA) | |
| Tipo de ítem Koha | Libro |
| Fuente del sistema de clasificación o colocación | Dewey Decimal Classification |
| Estado de retiro | Estado de pérdida | Fuente del sistema de clasificación o colocación | Estado dañado | Restricciones de uso | No para préstamo | Código de colección | Localización permanente | Ubicación/localización actual | Fecha de adquisición | Fuente de adquisición | Número de inventario | Total de préstamos | Signatura topográfica completa | Código de barras | Fecha visto por última vez | Número de copia | Precio válido a partir de | Tipo de ítem Koha |
|---|---|---|---|---|---|---|---|---|---|---|---|---|---|---|---|---|---|---|
| Dewey Decimal Classification | Préstamo interno | General | Parasitologia Agricola | Parasitologia Agricola | 10/11/2025 | Compra | Consumo | PA 500.18 .B86 2000 | 4102004169 | 10/11/2025 | Ej.1 | 10/11/2025 | Libro | |||||
| Dewey Decimal Classification | Préstamo 3 días | General | Parasitologia Agricola | Parasitologia Agricola | 12/11/2025 | Compra | Consumo | PA 500.18 .B86 2004 | 4102004170 | 12/11/2025 | Ej.2 | 12/11/2025 | Libro | |||||
| Dewey Decimal Classification | Préstamo 3 días | General | Parasitologia Agricola | Parasitologia Agricola | 12/11/2025 | Compra | Consumo | PA 500.18 .B86 2004 | 4102004171 | 12/11/2025 | Ej.3 | 12/11/2025 | Libro |
